00597nam a2200229Ia 450000500170000000800460001702000180006303700100008104000080009104000080009904000080010704100080011504100080012308400080013110000360013924500690017526000220024426000220026626000090028865000220029785600480031920260121124659.0008 260114s9999 xx 000 0 eng d a9781529228472 aEBOOK aCRL beng cCRL 2eng aeng qCRL aSantino F. Regilme Jr, Salvador 4aThe United States and China in the Era of Global Transformations bWalter de Gruyter bWalter de Gruyter c2023 aPolitical Science uhttp://www.degruyter.com/isbn/9781529228472